| 000 | 00519nam a2200181Ia 4500 | ||
|---|---|---|---|
| 005 | 20250508160742.0 | ||
| 008 | 008 250505s9999 xx 000 0 eng d | ||
| 037 | _aTextBook | ||
| 040 |
_aFEDL _beng _cFEDL |
||
| 041 |
_aeng _2eng |
||
| 084 |
_a370.954, NAI/R _qFEDL |
||
| 100 | _aNaik J P | ||
| 245 | 0 | _aStudents' history of education in India | |
| 260 |
_aCalcutta, India _bMacmillan and Company Limited _c1971 |
||
| 300 | _axiv,444p | ||
| 942 |
_cTB _h370.954, NAI/R |
||
| 999 |
_c1366413 _d1366413 |
||